000 00876nam a22003017a 4500
003 OSt
005 20260522115712.0
008 260522b |||||||| |||| 00| 0 eng d
020 _a9789355628213
040 _cIN-NITTTR
082 _a891.43
_bPAN/A
100 _aPandey, Nand Kishore
245 _aAdhunik Hindi Aur Sanskriti Bodh
_cby Nand Kishore Pandey
_hHindi
260 _aNew Delhi.
_bPrabhat Prakashan Pvt. Ltd.
_c2024
300 _a270 p.
650 _aModern Hindi Literature
650 _aHindi Culture
650 _a Sanskriti Bodh
650 _aHindi Literary Criticism
650 _a Hindi Essays
650 _aCultural Studies
650 _aIndian Culture
650 _aHindi Language and Literature
650 _a Contemporary Hindi Literature
650 _aLiterary Analysis
650 _aModern Hindi Thought
942 _2ddc
_cBK
_n0
999 _c33468
_d33468